| 000 | 00751nac a22002537a 4500 | ||
|---|---|---|---|
| 001 | BR0703717 | ||
| 003 | BR-BrBNA | ||
| 005 | 20240105123435.0 | ||
| 008 | 230509b bl.|||m| |||| 00| 0 por d | ||
| 040 |
_aBR-BrBNA _bpor _cBiblioteca Nacional de Agricultura |
||
| 072 | _aM11 | ||
| 090 | _a8140 BR0703717 | ||
| 100 | 1 | _aMachado, C.E. de M. | |
| 245 | 1 | _aCriando peixes na chácara | |
| 260 | 3 |
_aSão Paulo, SP (Brasil): _bChácaras e Quintais, _c1948. |
|
| 300 | _a12 p. | ||
| 490 |
_aVamos para o Campo (Brazil) _vno. 41 _x |
||
| 500 | _aDocumento microfilmado e tratado BR7319017 | ||
| 650 | _aPEIXE DE ÁGUA DOCE | ||
| 650 | _aCRIAÇÃO | ||
| 650 | _aMANEJO | ||
| 909 |
_a202312 _bLúcia Elande _c55 _dLúcia Elande |
||
| 942 |
_2AGRIS _n0 _cMS |
||
| 999 |
_c295456 _d295456 |
||